<?xml version="1.0" encoding="UTF-8"?><?xml-stylesheet type="text/xsl" href="static/style.xsl"?><OAI-PMH xmlns="http://www.openarchives.org/OAI/2.0/" xmlns:xsi="http://www.w3.org/2001/XMLSchema-instance" xsi:schemaLocation="http://www.openarchives.org/OAI/2.0/ http://www.openarchives.org/OAI/2.0/OAI-PMH.xsd"><responseDate>2026-06-07T15:51:01Z</responseDate><request verb="GetRecord" identifier="oai:docta.ucm.es:20.500.14352/34372" metadataPrefix="marc">https://docta.ucm.es/rest/oai/request</request><GetRecord><record><header><identifier>oai:docta.ucm.es:20.500.14352/34372</identifier><datestamp>2023-10-16T14:26:39Z</datestamp><setSpec>com_20.500.14352_14</setSpec><setSpec>col_20.500.14352_15</setSpec></header><metadata><record xmlns="http://www.loc.gov/MARC21/slim" xmlns:dcterms="http://purl.org/dc/terms/" xmlns:xsi="http://www.w3.org/2001/XMLSchema-instance" xmlns:doc="http://www.lyncode.com/xoai" xsi:schemaLocation="http://www.loc.gov/MARC21/slim http://www.loc.gov/standards/marcxml/schema/MARC21slim.xsd">
   <leader>00925njm 22002777a 4500</leader>
   <datafield ind2=" " ind1=" " tag="042">
      <subfield code="a">dc</subfield>
   </datafield>
   <datafield ind2=" " ind1=" " tag="720">
      <subfield code="a">Mejías Moreno, Miguel</subfield>
      <subfield code="e">author</subfield>
   </datafield>
   <datafield ind2=" " ind1=" " tag="720">
      <subfield code="a">López Gutiérrez, Julio</subfield>
      <subfield code="e">author</subfield>
   </datafield>
   <datafield ind2=" " ind1=" " tag="720">
      <subfield code="a">Álvarez García, Honorio Javier</subfield>
      <subfield code="e">author</subfield>
   </datafield>
   <datafield ind2=" " ind1=" " tag="720">
      <subfield code="a">Palomares Zumajo, Norberto</subfield>
      <subfield code="e">author</subfield>
   </datafield>
   <datafield ind2=" " ind1=" " tag="720">
      <subfield code="a">Mata Trujillo, Enrique</subfield>
      <subfield code="e">author</subfield>
   </datafield>
   <datafield ind2=" " ind1=" " tag="720">
      <subfield code="a">Moraleda Sierra, Jaime</subfield>
      <subfield code="e">author</subfield>
   </datafield>
   <datafield ind2=" " ind1=" " tag="720">
      <subfield code="a">Menchén Herreros, Gabriel</subfield>
      <subfield code="e">author</subfield>
   </datafield>
   <datafield ind2=" " ind1=" " tag="720">
      <subfield code="a">Fernández Martín, Sergio</subfield>
      <subfield code="e">author</subfield>
   </datafield>
   <datafield ind2=" " ind1=" " tag="720">
      <subfield code="a">Salazar-García, Domingo Carlos</subfield>
      <subfield code="e">author</subfield>
   </datafield>
   <datafield ind2=" " ind1=" " tag="720">
      <subfield code="a">Odriozola Lloret, Carlos P.</subfield>
      <subfield code="e">author</subfield>
   </datafield>
   <datafield ind2=" " ind1=" " tag="720">
      <subfield code="a">Benito Sánchez, María</subfield>
      <subfield code="e">author</subfield>
   </datafield>
   <datafield ind2=" " ind1=" " tag="720">
      <subfield code="a">López Saez, José Antonio</subfield>
      <subfield code="e">author</subfield>
   </datafield>
   <datafield ind2=" " ind1=" " tag="720">
      <subfield code="a">Benítez de Lugo Enrich, Luis</subfield>
      <subfield code="e">author</subfield>
   </datafield>
   <datafield ind2=" " ind1=" " tag="260">
      <subfield code="c">2014</subfield>
   </datafield>
   <datafield ind2=" " ind1=" " tag="520">
      <subfield code="a">Estudios recientes indican que las motillas, asentamientos de la Edad del Bronce de La Mancha, pudieron ser las más antiguas captaciones de agua subterránea en la Península Ibérica. Pero ¿por qué no existen motillas en el Campo de Montiel, territorio ubicado tradicionalmente en esta área cultural? En Castillejo del Bonete, sitio arqueológico situado en esa comarca, existe una cueva que fue utilizada y sellada durante la Prehistoria Reciente. Se presenta ahora la primera investigación paleohidrogeológica interdisciplinar en La Mancha, que ha analizado manantiales y niveles de agua subterránea del acuífero de Campo de Montiel, así como el interior de la sima de Castillejo del Bonete.
Las conclusiones avanzan una relación entre el sustrato hidrogeomorfológico y la distribución espacial de las motillas. Además permiten descartar que la sima de Castillejo del Bonete fuera utilizada como mina o como acceso al acuífero, dos de las hipótesis de trabajo planteadas.
De ese modo cobra fuerza que Castillejo del Bonete fuera un excepcional monumento funerario y simbólico durante el Calcolítico y la Edad del Bronce, perteneciente a una nueva clase de asentamientos desconocidos hasta ahora en el grupo cultural de la Edad del Bronce de La Mancha.</subfield>
   </datafield>
   <datafield ind2=" " ind1=" " tag="520">
      <subfield code="a">Recent studies show that the motillas of the Bronze
Age in La Mancha contain the oldest wells in the Iberian
Peninsula. But why are there no motillas in Campo
de Montiel, a territory traditionally placed inside
this cultural area? In Castillejo del Bonete, an archaeological site located in Campo de Montiel, there is a cave used and sealed during Late Prehistory. We here
report the first paleohidrogeological interdisciplinary
research in La Mancha, analyzing some spring and
freatic levels from the Campo de Montiel aquifer, as
well as from inside the Castillejo del Bonete chasm.
Our findings suggest an association between the hydrogeological substrate and the spatial distribution of
the motillas, discarding the idea that the chasm at
Castillejo del Bonete could be a mine or an aquifer
access. This supports the idea that Castillejo del
Bonete was an exceptional symbolic monument during
the Chalcolithic and the Bronze Age, within a new type
of site of the cultural group of the Bronze Age of La
Mancha.</subfield>
   </datafield>
   <datafield ind1="8" ind2=" " tag="024">
      <subfield code="a">0082-5638</subfield>
   </datafield>
   <datafield ind1="8" ind2=" " tag="024">
      <subfield code="a">10.3989/tp.2014.12125</subfield>
   </datafield>
   <datafield ind1="8" ind2=" " tag="024">
      <subfield code="a">https://hdl.handle.net/20.500.14352/34372</subfield>
   </datafield>
   <datafield ind1="8" ind2=" " tag="024">
      <subfield code="a">https://doi.org/10.3989/tp.2014.12125</subfield>
   </datafield>
   <datafield ind2="0" ind1="0" tag="245">
      <subfield code="a">Aportaciones hidrogeológicas al estudio arqueológico de los orígenes de la Edad del Bronce de La Mancha: la cueva
monumentalizada de Castillejo del Bonete (Terrinches, Ciudad
Real, España)</subfield>
   </datafield>
</record></metadata></record></GetRecord></OAI-PMH>